Fundamentals of Engineering heat and Transfar (Record no. 18505)
[ view plain ]
| 000 -LEADER | |
|---|---|
| fixed length control field | 00425nam a22001817a 4500 |
| 005 - DATE AND TIME OF LATEST TRANSACTION | |
| control field | 20230524180217.0 |
| 008 - FIXED-LENGTH DATA ELEMENTS--GENERAL INFORMATION | |
| fixed length control field | 230524b |||||||| |||| 00| 0 eng d |
| 020 ## - INTERNATIONAL STANDARD BOOK NUMBER | |
| ISBN | 9788122427851 |
| 082 ## - DEWEY DECIMAL CLASSIFICATION NUMBER | |
| Classification number | 621.4022 |
| Item number | SAC-F |
| 100 ## - MAIN ENTRY--AUTHOR | |
| Author Name | Sachdeva:R.S |
| 245 ## - TITLE STATEMENT | |
| Title | Fundamentals of Engineering heat and Transfar |
| 250 ## - EDITION STATEMENT | |
| Edition statement | 4th |
| 260 ## - PUBLICATION, DISTRIBUTION, ETC. | |
| Place of Publication | India |
| 300 ## - PHYSICAL DESCRIPTION | |
| Pages | 673 |
| 650 ## - SUBJECT ADDED ENTRY--TOPICAL TERM | |
| Subject / Department | Engineering |
| 700 ## - ADDED ENTRY--PERSONAL NAME | |
| Personal name | sachdeva |
| 952 ## - LOCATION AND ITEM INFORMATION (KOHA) | |
| -- | 0 |
| -- | 0 |
| Lost status | Damaged status | Permanent Location | Current Location | Shelving Location | Date acquired | Full Call Number | Accession No./Barcode | Date last seen | item type |
|---|---|---|---|---|---|---|---|---|---|
| Superior Information Resource Center (SIRC) Superior University- Central Library | Superior Information Resource Center (SIRC) Superior University- Central Library | Engineering | 05/24/2023 | 621.4022 SAC-F 2010 | 15436 | 05/24/2023 | BOOK |
